000 00775nam a22002297a 4500
005 20250129170902.0
008 250129b |||||||| |||| 00| 0 eng d
020 _a978-1-911717-09-6 (pbk)
037 _cTB
040 _aCRL
_cCRL
041 _2eng
_aeng
084 _aD65,8(B):71 R4
_qCRL
100 _aHarari, Yuval Noah
_9418415
245 _aNexus:
_bA brief history of information networks from the stone age to AI
260 _aNew York, USA:
_bFern Press,
_c2024
300 _axxxii, 492p.
365 _b1099.00
_cINR
650 _aComputer Application
_9734811
650 _aNetwork
942 _2CC
_cTB
_hD65,8(B):71 R4
_n0
999 _c1238298
_d1238298